[Event "ch-FRA Blitz Online Qual"]
[Site "Europe-Chess INT"]
[Date "2020.05.16"]
[Round "3"]
[White "Courjal, Pauline"]
[Black "Daurelle, Herve"]
[Result "1/2-1/2"]
[BlackTitle "FM"]
[WhiteElo "1848"]
[BlackElo "2205"]
[WhiteFideId "45147841"]
[BlackFideId "602655"]
[EventDate "2020.05.16"]

1. e4 c5 2. Nf3 d6 3. c3 Nf6 4. h3 g6 5. Bd3 Bg7 6. O-O O-O 7. Bc2 Nc6 8. d4
cxd4 9. cxd4 d5 10. e5 Ne4 11. Re1 f5 12. exf6 Nxf6 13. Bg5 Qd6 14. Nc3 a6 15.
Bb3 e6 16. Ne5 Nd7 17. f4 Ndxe5 18. fxe5 Qc7 19. Ba4 Bd7 20. Bxc6 Bxc6 21. Qg4
Qd7 22. a4 b6 23. b3 Rae8 24. Rf1 Rxf1+ 25. Rxf1 Rf8 26. Rxf8+ Kxf8 27. Qf4+ Qf7
28. Qxf7+ Kxf7 29. Kf2 b5 30. axb5 Bxb5 31. h4 Bf8 32. Nxb5 axb5 33. Bd2 Be7 34.
g3 h5 35. b4 g5 36. hxg5 Kg6 37. Kf3 Bxg5 38. Bf4 Kf5 39. Bxg5 Kxg5 40. Kf2 Kg4
41. Kg2 Kf5 42. Kf3 Kg5 43. Ke3 Kg4 44. Kf2 h4 45. gxh4 Kxh4 46. Kf3 Kg5 47. Kg3
Kf5 48. Kf3 Kg5 49. Kg3 Kh5 50. Kf4 Kh4 51. Kf3 Kh3 52. Kf4 Kh4 53. Kf3 1/2-1/2

[Event "ch-FRA Blitz Online Qual"]
[Site "Europe-Chess INT"]
[Date "2020.05.16"]
[Round "3"]
[White "Duvert, Francois"]
[Black "Defromont, Benjamin"]
[Result "0-1"]
[BlackTitle "FM"]
[WhiteElo "1729"]
[BlackElo "2236"]
[WhiteFideId "36072877"]
[BlackFideId "36068829"]
[EventDate "2020.05.16"]

1. d4 Nf6 2. Bf4 g6 3. Nc3 Bg7 4. e3 d6 5. h4 h5 6. Be2 Nbd7 7. Nf3 c5 8. d5 Qa5
9. Qd2 a6 10. O-O-O b5 11. Nb1 Qxa2 12. Qc3 b4 13. Qb3 Qa1 14. Kd2 Ne4+ 15. Ke1
Qxb2 16. Qxb2 Bxb2 17. Bd3 Ndf6 18. Ng5 Bf5 19. Nxe4 Bxe4 20. f3 Bxd3 21. Rxd3
a5 22. Kf2 a4 23. Nd2 a3 24. Nc4 Bc3 25. Rb1 a2 26. Rc1 a1=Q 27. Rxa1 Rxa1 28.
Bxd6 exd6 29. Nxd6+ Kd7 30. Nxf7 Rf8 31. Ng5 Ng4+ 32. Ke2 Ne5 33. Rd1 Rxd1 34.
Kxd1 c4 0-1

[Event "ch-FRA Blitz Online Qual"]
[Site "Europe-Chess INT"]
[Date "2020.05.16"]
[Round "3"]
[White "Vanlerberghe, Luc"]
[Black "Spitz, Christophe"]
[Result "0-1"]
[WhiteElo "1727"]
[BlackElo "2137"]
[WhiteFideId "671908"]
[BlackFideId "608378"]
[EventDate "2020.05.16"]

1. e4 c5 2. Nf3 g6 3. c3 Nf6 4. e5 Nd5 5. d4 cxd4 6. cxd4 Nc6 7. Nc3 Nxc3 8.
bxc3 d6 9. exd6 Qxd6 10. Be2 Bg7 11. O-O O-O 12. Be3 Bf5 13. Qa4 a6 14. c4 b5
15. cxb5 axb5 16. Qxb5 Rfb8 17. Qc4 Be4 18. Rfd1 Bd5 19. Qc2 Nb4 20. Qd2 Rc8 21.
a3 Nc2 22. Bf4 Qd7 23. Rac1 Nxa3 24. Rxc8+ Rxc8 25. Ne5 Bxe5 26. Bxe5 f6 27. Bg3
Nc4 28. Qb4 Nd6 29. Bxd6 Qxd6 30. Qxd6 exd6 31. f3 Kf7 32. Kf2 Rc2 33. Ke3 f5
34. Rd2 f4+ 0-1

[Event "ch-FRA Blitz Online Qual"]
[Site "Europe-Chess INT"]
[Date "2020.05.16"]
[Round "3"]
[White "Fournier, Loic"]
[Black "Mecili, Nabil"]
[Result "1-0"]
[WhiteElo "2116"]
[BlackElo "1688"]
[WhiteFideId "36013463"]
[BlackFideId "618420"]
[EventDate "2020.05.16"]

1. d4 d6 2. Nf3 Nf6 3. Bf4 g6 4. e3 Bg7 5. h3 O-O 6. Be2 b6 7. O-O Bb7 8. c4
Nbd7 9. Nc3 Nh5 10. Bh2 e5 11. Rc1 Rc8 12. b4 exd4 13. exd4 Qf6 14. d5 Nf4 15.
Ne4 Nxe2+ 16. Qxe2 Qe7 17. Qc2 c5 18. Bxd6 Qe8 19. Bxf8 Qxf8 20. b5 Nf6 21. Rfe1
Nxe4 22. Qxe4 Qd6 23. Qe7 Bf8 24. Qxb7 Rc7 25. Qb8 Kg7 26. Re8 Be7 27. Re1 Bf6
28. Rg8+ Kh6 29. Qf8+ Qxf8 30. Rxf8 Kg7 31. Ree8 Re7 32. Rg8+ Kh6 33. Rxe7 Bxe7
34. Re8 Bd6 35. Ra8 Kg7 36. Rxa7 Kf6 37. Rd7 Bf4 38. g3 Bc1 39. a4 Bb2 40. a5
bxa5 41. b6 a4 42. b7 a3 43. b8=Q Bc3 44. Qf4+ Kg7 45. Rxf7+ Kg8 46. Rf8+ Kg7
47. Ng5 a2 48. Ne6# 1-0

[Event "ch-FRA Blitz Online Qual"]
[Site "Europe-Chess INT"]
[Date "2020.05.16"]
[Round "3"]
[White "Rodriguez Rodriguez, Antonio"]
[Black "Briand, Maxime"]
[Result "1-0"]
[WhiteTitle "FM"]
[WhiteElo "2112"]
[BlackElo "1662"]
[WhiteFideId "2219255"]
[BlackFideId "651016397"]
[EventDate "2020.05.16"]

1. d4 Nf6 2. Bg5 e6 3. Nf3 Be7 4. Nbd2 O-O 5. e3 d5 6. Bd3 c5 7. c3 Nc6 8. Ne5
Qc7 9. Bxf6 Bxf6 10. f4 b6 11. O-O Ne7 12. Rf3 Ng6 13. Rh3 Bxe5 14. fxe5 f5 15.
Qh5 Kf7 16. Rf1 cxd4 17. exd4 a5 18. g4 Ke7 19. Qxh7 Kf7 20. gxf5 exf5 21. Bxf5
Bxf5 22. Rxf5+ Ke8 23. Qxg6+ 1-0

[Event "ch-FRA Blitz Online Qual"]
[Site "Europe-Chess INT"]
[Date "2020.05.16"]
[Round "3"]
[White "Roque, Gaetan"]
[Black "Villeneuve, Robin"]
[Result "0-1"]
[WhiteElo "2128"]
[BlackElo "1662"]
[WhiteFideId "20666934"]
[BlackFideId "45100608"]
[EventDate "2020.05.16"]

1. d4 d5 2. Bf4 Nf6 3. e3 e6 4. Bd3 Be7 5. Nd2 h6 6. Ngf3 Nbd7 7. O-O O-O 8. Ne5
c5 9. c3 Nxe5 10. Bxe5 Nd7 11. Bg3 b6 12. Nf3 Nf6 13. Bh4 Bb7 14. Ne5 Ne4 15.
Bxe7 Qxe7 16. Bxe4 dxe4 17. dxc5 bxc5 18. Qd7 Qg5 19. Qd6 Rfd8 20. Qxc5 Rd5 21.
Qc7 Ba6 22. Qc6 Rad8 23. Nxf7 Kxf7 24. Qxa6 Rd2 25. Qxa7+ R8d7 26. Qa4 Qf5 27.
Rad1 R7d3 28. f3 Qg5 29. fxe4+ Kg6 30. Rxd2 Rxd2 31. Qe8+ Kh7 32. g3 Qxe3+ 33.
Kh1 Qxe4+ 34. Kg1 Qg2# 0-1

[Event "ch-FRA Blitz Online Qual"]
[Site "Europe-Chess INT"]
[Date "2020.05.16"]
[Round "3"]
[White "Alaime, Maxime"]
[Black "Lamorelle, Yves"]
[Result "0-1"]
[BlackTitle "FM"]
[WhiteElo "1834"]
[BlackElo "2052"]
[WhiteFideId "36045403"]
[BlackFideId "601810"]
[EventDate "2020.05.16"]

1. e4 e5 2. Nf3 Nc6 3. Bc4 Nf6 4. d3 Be7 5. O-O O-O 6. c3 d6 7. h3 a6 8. Re1 Na5
9. Nbd2 h6 10. b4 Nxc4 11. Nxc4 Re8 12. a4 Bf8 13. Be3 g6 14. Qd2 Kh7 15. b5
axb5 16. axb5 Rxa1 17. Rxa1 Be6 18. Na5 Qc8 19. c4 Nd7 20. Nb3 Bg7 21. Ra7 Rf8
22. Na5 f5 23. Rxb7 fxe4 24. dxe4 Nf6 25. Qc2 Ne8 26. Ra7 Bxh3 27. Nc6 Bxg2 28.
b6 Bxf3 29. Kf1 cxb6 30. Ne7 Qg4 31. Nd5 Nf6 32. Nxf6+ Rxf6 33. Rb7 Bxe4 34.
Rxb6 Bxc2 0-1

[Event "ch-FRA Blitz Online Qual"]
[Site "Europe-Chess INT"]
[Date "2020.05.16"]
[Round "3"]
[White "Frazao, Thomas"]
[Black "Emmenecker, Pierre-Antoine"]
[Result "0-1"]
[WhiteElo "1719"]
[BlackElo "2172"]
[WhiteFideId "36083704"]
[BlackFideId "36031321"]
[EventDate "2020.05.16"]

1. e4 e5 2. Nf3 Nc6 3. d4 exd4 4. Bc4 Nf6 5. e5 d5 6. Bb5 Ne4 7. Nxd4 Bc5 8. Be3
O-O 9. O-O Nxd4 10. Bxd4 Bxd4 11. Qxd4 c5 12. Qd1 c4 13. Ba4 Be6 14. c3 Qb6 15.
Qe2 Kh8 16. Kh1 Nc5 17. Bd1 Bf5 18. Na3 Bd3 19. Qe1 Bxf1 20. Qxf1 Qxb2 21. Rb1
Qxa3 22. Bc2 Qxc3 0-1

[Event "ch-FRA Blitz Online Qual"]
[Site "Europe-Chess INT"]
[Date "2020.05.16"]
[Round "3"]
[White "Garde, Guillaume"]
[Black "Linnemer, Laurent"]
[Result "1/2-1/2"]
[WhiteElo "1716"]
[BlackElo "2163"]
[WhiteFideId "45138273"]
[BlackFideId "651095"]
[EventDate "2020.05.16"]

1. e4 e5 2. Nf3 Nc6 3. Bc4 Nf6 4. d3 Bc5 5. c3 d6 6. Bb3 a6 7. Nbd2 Ba7 8. O-O
Ne7 9. h3 Ng6 10. Re1 O-O 11. Nf1 Be6 12. Be3 Qd7 13. Bxa7 Rxa7 14. Bxe6 fxe6
15. Ng3 Nf4 16. Qd2 Raa8 17. d4 Ng6 18. Rad1 Qa4 19. b3 Qc6 20. dxe5 dxe5 21.
Re3 h6 22. Qe2 b5 23. Qe1 Nd7 24. Red3 Nc5 25. R3d2 Rf4 26. Rd8+ Rxd8 27. Rxd8+
Kh7 28. Qe3 Nxe4 29. Nxe4 Rxe4 30. Qd3 Rf4 31. Qd7 Qxd7 32. Rxd7 e4 33. Nd4 Rf6
34. Rxc7 Ne5 35. Ra7 Nd3 36. Rxa6 Nxf2 37. Rxe6 Rxe6 38. Nxe6 e3 39. Kf1 Ne4 40.
Nd4 Nxc3 41. a4 bxa4 42. bxa4 Nxa4 43. Ke2 Nc3+ 44. Kxe3 Nd5+ 45. Kf3 Nf6 46.
Nf5 g6 47. Ng3 Kg7 48. Ne2 Nd5 49. Nf4 Nc3 50. Ne2 Nb5 51. Nf4 Kf6 52. Ne2 Nd6
53. g3 Nf5 54. Nf4 g5 55. Ne2 Ke5 56. Ng1 Kd4 57. Ne2+ Kd3 58. g4 Nd4+ 59. Nxd4
Kxd4 60. Kg3 Ke3 61. h4 Ke4 62. hxg5 hxg5 63. Kg2 Kf4 64. Kf2 Kxg4 65. Kg2 Kf4
66. Kf2 Ke4 67. Kg3 Kf5 68. Kf3 g4+ 69. Kg3 Kg5 70. Kg2 Kf4 71. Kf2 Kf5 72. Kg3
Kg5 73. Kg2 Kh4 74. Kh2 Kh5 75. Kg3 Kg5 1/2-1/2

[Event "ch-FRA Blitz Online Qual"]
[Site "Europe-Chess INT"]
[Date "2020.05.16"]
[Round "3"]
[White "Villevieille, Lucas"]
[Black "Suez-Panama, Gilles"]
[Result "0-1"]
[WhiteElo "1713"]
[BlackElo "1943"]
[WhiteFideId "36022349"]
[BlackFideId "620165"]
[EventDate "2020.05.16"]

1. d4 Nf6 2. c4 g6 3. Nc3 Bg7 4. e4 d6 5. Nf3 O-O 6. Be2 Na6 7. O-O e5 8. d5 Nc5
9. Qc2 a5 10. a3 a4 11. Nd2 Bg4 12. f3 Bd7 13. b4 axb3 14. Nxb3 Na4 15. Be3 Nh5
16. c5 Nxc3 17. Qxc3 Ba4 18. Rfc1 Nf4 19. Bf1 Qg5 20. cxd6 cxd6 21. Rab1 Bb5 22.
Qd2 Bxf1 23. Kxf1 Qh5 24. g3 Qh3+ 25. Kg1 Nh5 26. Qg2 Qxg2+ 27. Kxg2 Rxa3 28.
Rc7 b5 29. Rb7 Ra2+ 30. Kg1 Rc8 31. Rc1 Rxc1+ 32. Bxc1 h6 33. Rxb5 Bf8 34. Ra5
Rc2 35. Ra6 Rc3 36. Rb6 Rxf3 37. Bd2 Rd3 38. Be1 Rd1 39. Kf2 Nf6 40. Nd2 Ra1 41.
Ke2 Ng4 42. Kf3 Nxh2+ 43. Kg2 Rxe1 44. Kxh2 Re2+ 45. Kg1 Rxd2 46. Rb8 Re2 0-1

[Event "ch-FRA Blitz Online Qual"]
[Site "Europe-Chess INT"]
[Date "2020.05.16"]
[Round "3"]
[White "Kantzer, Romain"]
[Black "Carme, Jeremie"]
[Result "1-0"]
[WhiteElo "1930"]
[BlackElo "1659"]
[WhiteFideId "26024640"]
[BlackFideId "45184593"]
[EventDate "2020.05.16"]

1. d4 c5 2. d5 e5 3. dxe6 fxe6 4. e4 d5 5. Nf3 Nc6 6. Bb5 d4 7. O-O Bd7 8. Re1
a6 9. Bxc6 Bxc6 10. Ne5 Nf6 11. Nxc6 bxc6 12. Bg5 Be7 13. Nd2 O-O 14. Nc4 Rb8
15. Bxf6 Bxf6 16. e5 Bh4 17. g3 Be7 18. b3 Qe8 19. Qe2 Qg6 20. a4 Rf5 21. Nd6
Rff8 22. Ne4 Rf5 23. Nd6 Rff8 24. Rad1 Rbd8 25. Nc4 h5 26. Qe4 Qxe4 27. Rxe4 g5
28. Na5 Rc8 29. Nc4 Kg7 30. Nd6 Bxd6 31. exd6 Kf6 32. Rde1 Rce8 33. Re5 Rf7 34.
Rxc5 Rd7 35. Rxc6 e5 36. Rxa6 Rc8 37. Re2 Ke6 38. Ra5 Rxd6 39. Raxe5+ Kf6 40.
R5e4 Rc5 41. Rd2 Rcd5 42. Kg2 Kf5 43. Re8 g4 44. Rh8 Kg5 45. Rc8 Rf6 46. Rc4
Rfd6 47. b4 Ra6 48. b5 Rad6 49. Rb4 Kf5 50. b6 Rd8 51. b7 Rb8 52. c3 d3 53. c4
Rd7 54. Rb5+ Kg6 55. c5 Rdxb7 56. Rxb7 Rxb7 57. Rxd3 Rc7 58. Rc3 Kf6 59. a5 Ra7
60. c6 Rc7 61. a6 Ke7 62. Rc5 Kd6 63. Rxh5 Ra7 64. Rh6+ Kc7 65. Rh7+ Kb6 66.
Rxa7 Kxa7 67. f3 Kxa6 68. fxg4 Kb6 69. Kf3 Kxc6 70. Kf4 Kd7 71. Kg5 Ke7 72. Kg6
Kf8 73. g5 Kg8 74. Kf6 Kh8 75. h4 Kh7 76. h5 Kg8 77. h6 Kh7 78. g4 Kh8 79. g6
Kg8 80. g7 Kh7 81. Kf7 Kxh6 82. g5+ Kh5 83. g8=Q Kh4 84. Qh7+ Kg4 85. g6 Kf3 86.
g7 Ke3 87. g8=Q Kd4 88. Qe8 Kd5 89. Qhe4+ Kd6 90. Q8e7# 1-0

[Event "ch-FRA Blitz Online Qual"]
[Site "Europe-Chess INT"]
[Date "2020.05.16"]
[Round "3"]
[White "Dubois, Herve"]
[Black "Thomas, Anysia"]
[Result "0-1"]
[BlackTitle "WFM"]
[WhiteElo "1836"]
[BlackElo "2160"]
[WhiteFideId "636460"]
[BlackFideId "670472"]
[EventDate "2020.05.16"]

1. c4 g6 2. Nf3 Bg7 3. g3 c5 4. Bg2 Nc6 5. O-O e6 6. Nc3 Nge7 7. e3 d5 8. d4
cxd4 9. Nxd4 O-O 10. cxd5 Nxd5 11. Nxd5 exd5 12. a3 Be6 13. Rb1 Ne5 14. b3 Bg4
15. Qd2 Qd7 16. Bb2 Rfd8 17. Rbc1 Bh3 18. b4 Nc4 19. Qc3 Bxg2 20. Kxg2 Rac8 21.
Ba1 h5 22. Qd3 h4 23. Rcd1 Ne5 24. Qe2 h3+ 25. Kg1 Rc4 26. Nf3 Nxf3+ 27. Qxf3
Bxa1 28. Rxa1 d4 29. exd4 Rxd4 30. Rac1 Rd3 31. Qe4 Rd4 32. Qe3 Qd5 33. f3 Rd2
34. Rf2 Rd1+ 35. Rxd1 Qxd1+ 36. Rf1 Qd5 37. g4 Qa2 38. Rf2 Rd1+ 39. Rf1 Qg2# 0-1

[Event "ch-FRA Blitz Online Qual"]
[Site "Europe-Chess INT"]
[Date "2020.05.16"]
[Round "3"]
[White "Ferey, Antonin"]
[Black "Buffin, Jean"]
[Result "1-0"]
[WhiteElo "2138"]
[BlackElo "1711"]
[WhiteFideId "36051454"]
[BlackFideId "20699751"]
[EventDate "2020.05.16"]

1. d4 d5 2. c4 e6 3. Nf3 Nf6 4. Nc3 Be7 5. Bg5 Nbd7 6. e3 O-O 7. Qc2 b6 8. cxd5
exd5 9. Bd3 h6 10. Bf4 Bb7 11. g4 Ne4 12. Nxe4 dxe4 13. Bxe4 Bxe4 14. Qxe4 c5
15. h4 Nf6 16. Qf5 cxd4 17. Nxd4 Bb4+ 18. Kf1 Nd5 19. g5 Nxf4 20. Qxf4 Qd5 21.
Kg1 Bd6 22. Qf5 Qxf5 23. Nxf5 Be5 24. gxh6 gxh6 25. Nxh6+ Kh7 26. Nf5 Rg8+ 27.
Kf1 Bxb2 28. Rd1 Rg6 29. Rd7 Rf6 30. Nd6 Rf8 31. Ne4 Rf5 32. Ng5+ Kh6 33. Rxa7
Rc5 34. Rxf7 Rd8 35. Rb7 Rc1+ 36. Kg2 Rc2 37. Nf7+ Kg6 38. Nxd8 1-0

[Event "ch-FRA Blitz Online Qual"]
[Site "Europe-Chess INT"]
[Date "2020.05.16"]
[Round "3"]
[White "Leccia, Thomas"]
[Black "Bournel, Antoine"]
[Result "0-1"]
[WhiteElo "1893"]
[BlackElo "2238"]
[WhiteFideId "36087270"]
[BlackFideId "26093553"]
[EventDate "2020.05.16"]

1. e4 c5 2. Nf3 g6 3. d4 cxd4 4. Qxd4 Nf6 5. Nc3 Nc6 6. Qa4 d6 7. e5 dxe5 8.
Nxe5 Bg7 9. Nxc6 bxc6 10. Qxc6+ Bd7 11. Qf3 O-O 12. Bc4 Qc7 13. Bb3 Bc6 14. Nd5
Bxd5 15. Bxd5 Qe5+ 16. Be3 Qxd5 17. Qxd5 Nxd5 18. O-O-O Nxe3 19. fxe3 Rfd8 20.
Rdf1 Bh6 21. Rf3 Rd6 22. h4 Rad8 23. g4 Bg7 24. g5 Rd2 25. Rhf1 f5 26. gxf6 Bxf6
27. h5 gxh5 28. Rg3+ Kf7 29. e4 Re2 30. Rh3 Kg6 31. Rg3+ Kh6 32. Ra3 Rdd2 0-1

[Event "ch-FRA Blitz Online Qual"]
[Site "Europe-Chess INT"]
[Date "2020.05.16"]
[Round "3"]
[White "Fardet, Elouan"]
[Black "Senegas, Pascal"]
[Result "1-0"]
[WhiteElo "2163"]
[BlackElo "1654"]
[WhiteFideId "45163596"]
[BlackFideId "45102074"]
[EventDate "2020.05.16"]

1. e4 e5 2. Nf3 Nc6 3. Bb5 a6 4. Ba4 Bc5 5. c3 Nf6 6. O-O b5 7. Bc2 O-O 8. d4
exd4 9. cxd4 Bb6 10. d5 Ne7 11. e5 Nfxd5 12. Bxh7+ Kxh7 13. Ng5+ Kg8 14. Qh5 Re8
15. Qxf7+ Kh8 16. Nc3 Nxc3 17. bxc3 Nc6 18. Qh5+ Kg8 19. Qh7+ Kf8 20. Qh8+ Ke7
21. Qxg7# 1-0

[Event "ch-FRA Blitz Online Qual"]
[Site "Europe-Chess INT"]
[Date "2020.05.16"]
[Round "3"]
[White "Capton, Rafael"]
[Black "Mezouaghi, Miloud"]
[Result "1-0"]
[WhiteElo "1737"]
[BlackElo "1999"]
[WhiteFideId "36084778"]
[BlackFideId "612634"]
[EventDate "2020.05.16"]

1. e4 c5 2. Nf3 d6 3. d4 cxd4 4. Nxd4 Nf6 5. Nc3 a6 6. Bc4 e6 7. Bb3 Nbd7 8. O-O
Nc5 9. Qe2 Be7 10. h3 Qc7 11. f4 O-O 12. e5 dxe5 13. fxe5 Nfd7 14. Bf4 b5 15. a3
Bb7 16. Rae1 Rac8 17. Qg4 Nxb3 18. cxb3 Qb6 19. Bh6 Qxd4+ 20. Qxd4 Bc5 21. Be3
Bxd4 22. Bxd4 Nc5 23. Bxc5 Rxc5 24. Rf4 Rd8 25. b4 Rc7 26. Re2 Rcd7 27. Ref2 Bc6
28. h4 Rc7 29. Kh2 Be8 30. Ne4 Rd5 31. Nd6 Re7 32. Nxe8 Rxe8 33. Rxf7 Rxe5 34.
Ra7 Rf5 35. Rd2 Rf4 36. Rdd7 Rg4 37. Kh3 h5 38. Rxa6 e5 39. Rad6 e4 40. Rd8 Rxd8
41. Rxd8+ Kf7 42. Rd5 Ke6 43. Rxb5 e3 44. Rb8 Re4 45. Kg3 Kd5 46. Rd8+ Kc4 47.
Rd1 e2 48. Re1 Kd3 49. Kf3 1-0

[Event "ch-FRA Blitz Online Qual"]
[Site "Europe-Chess INT"]
[Date "2020.05.16"]
[Round "3"]
[White "Delabarre, Olivier"]
[Black "Druon, Thibault"]
[Result "1-0"]
[WhiteElo "1997"]
[BlackElo "1644"]
[WhiteFideId "632481"]
[BlackFideId "45166510"]
[EventDate "2020.05.16"]

1. d4 Nf6 2. c4 g6 3. Nc3 d5 4. cxd5 Nxd5 5. Bd2 Nb6 6. e3 Nc6 7. f4 Bg7 8. Nf3
O-O 9. Be2 f6 10. O-O e5 11. fxe5 fxe5 12. Qb3+ Kh8 13. d5 Ne7 14. e4 c6 15. Bc4
Nxc4 16. Qxc4 cxd5 17. Nxd5 Nxd5 18. exd5 Bf5 19. Bc3 Rc8 20. Qb3 Qe7 21. Rae1
Qc5+ 22. Kh1 e4 23. Bb4 Qb6 24. Bxf8 exf3 25. Bxg7+ Kxg7 26. Qxb6 axb6 27. Rxf3
Bd7 28. Re7+ 1-0

[Event "ch-FRA Blitz Online Qual"]
[Site "Europe-Chess INT"]
[Date "2020.05.16"]
[Round "3"]
[White "Azizyan, Rafayel"]
[Black "Lardon, Quentin"]
[Result "0-1"]
[WhiteElo "1667"]
[BlackElo "2013"]
[WhiteFideId "651016931"]
[BlackFideId "36050407"]
[EventDate "2020.05.16"]

1. e4 c5 2. Nf3 Nc6 3. d4 cxd4 4. Nxd4 g6 5. Nc3 Bg7 6. Be3 d6 7. Qd2 Bd7 8.
O-O-O a6 9. Kb1 Rc8 10. f3 b5 11. g4 Nf6 12. h4 h5 13. g5 Nh7 14. Bh3 O-O 15.
Nxc6 Rxc6 16. Bd4 Bxh3 17. Bxg7 Kxg7 18. Rxh3 Qd7 19. Qg2 Rfc8 20. Rd2 Nf8 21.
f4 Ne6 22. f5 Nf4 23. Qg3 Nxh3 24. Qxh3 e6 25. fxg6 fxg6 26. e5 Qe7 27. Ne4 dxe5
28. Qf3 Rd8 29. Rxd8 Qxd8 30. Nc3 Rc4 31. b3 Rc7 32. Ne4 Rf7 33. Qc3 Qd4 34. Qc6
Qd5 35. Qxd5 exd5 36. Nd6 Rf4 37. Ne8+ Kf7 38. Nd6+ Ke6 39. Ne8 Rxh4 40. Nc7+
Kd6 41. Nxa6 Rg4 42. c4 dxc4 43. bxc4 Rxc4 44. Kb2 h4 45. Kb3 h3 46. Nb4 Rxb4+
47. Kxb4 h2 48. Kxb5 h1=Q 0-1

[Event "ch-FRA Blitz Online Qual"]
[Site "Europe-Chess INT"]
[Date "2020.05.16"]
[Round "3"]
[White "Gautier, Nathan"]
[Black "Saba, Nathalie"]
[Result "0-1"]
[WhiteElo "2064"]
[BlackElo "1626"]
[WhiteFideId "26093030"]
[BlackFideId "26095939"]
[EventDate "2020.05.16"]

1. e4 c5 2. Nf3 Nc6 3. d4 cxd4 4. Nxd4 g6 5. Nc3 Bg7 6. Be3 Nf6 7. Bc4 O-O 8.
Bb3 a5 9. f3 d5 10. exd5 Nb4 11. O-O Nbxd5 12. Nxd5 Nxd5 13. Bf2 a4 14. Bc4 a3
15. bxa3 Nc3 16. Qd3 Rxa3 17. Bb3 Bxd4 18. Bxd4 Qxd4+ 19. Qxd4 Ne2+ 20. Kf2 Nxd4
21. Rfe1 e6 22. Re4 Nxb3 23. cxb3 Bd7 24. h4 Bc6 25. Re2 Rfa8 26. Rd2 Rxb3 27.
h5 Rba3 28. h6 f5 29. Kg3 Bd5 30. Rc1 Rxa2 31. Rxa2 Bxa2 32. Rc7 Bd5 33. Kf4 Rb8
34. Ke5 b5 35. g4 b4 36. gxf5 gxf5 37. f4 b3 38. Kf6 b2 39. Rg7+ Kh8 40. Rg1
b1=Q 41. Rg5 Qa1+ 42. Kf7 Qa7+ 43. Kf6 Rf8+ 44. Ke5 Qc7+ 45. Kd4 Qxf4+ 46. Kc5
Qxg5 47. Kd6 Qd8+ 48. Ke5 Qf6+ 49. Kf4 e5+ 50. Kg3 Rg8+ 51. Kh3 Qxh6# 0-1

[Event "ch-FRA Blitz Online Qual"]
[Site "Europe-Chess INT"]
[Date "2020.05.16"]
[Round "3"]
[White "El Baroudi Abderrahmane"]
[Black "Baroyan, Davit"]
[Result "0-1"]
[WhiteElo "1599"]
[BlackElo "2218"]
[WhiteFideId "9005382"]
[BlackFideId "26033607"]
[EventDate "2020.05.16"]

1. e4 c5 2. Nc3 d6 3. f4 Nc6 4. Nf3 g6 5. Bb5 Bd7 6. Bxc6 Bxc6 7. O-O Bg7 8. d3
Nf6 9. Qe1 Qd7 10. f5 gxf5 11. exf5 Qxf5 12. Nd4 Qd7 13. Nxc6 Qxc6 14. Bg5 Rg8
15. Bxf6 Bxf6 16. Qe2 O-O-O 17. Ne4 Bd4+ 18. Kh1 Rg7 19. c3 Be5 20. d4 Rdg8 21.
Rf2 cxd4 22. cxd4 Bxd4 23. Raf1 Bxf2 24. Rxf2 f5 25. Ng3 Kb8 26. Nxf5 Rxg2 27.
Rxg2 Qc1+ 0-1

[Event "ch-FRA Blitz Online Qual"]
[Site "Europe-Chess INT"]
[Date "2020.05.16"]
[Round "3"]
[White "Ritzenthaler, Stephane"]
[Black "Cassam-Chenai, Antoine"]
[Result "0-1"]
[WhiteElo "1988"]
[BlackElo "1839"]
[WhiteFideId "638080"]
[BlackFideId "36087866"]
[EventDate "2020.05.16"]

1. e4 c5 2. Nc3 Nc6 3. f4 g6 4. Nf3 Bg7 5. Bc4 e6 6. d3 Nge7 7. O-O O-O 8. f5
exf5 9. Bg5 h6 10. Qe1 hxg5 11. Nxg5 Bf6 12. Qh4 Bxg5 13. Qxg5 d6 14. Rf3 Kg7
15. Raf1 Nd4 16. Rh3 Rh8 17. Rxh8 Qxh8 18. Qxe7 Be6 19. exf5 Bxc4 20. f6+ Kg8
21. dxc4 Qh4 22. Qxd6 b6 23. Nd5 Ne2+ 24. Kh1 Kh7 25. Qc7 Rf8 26. Qe5 Re8 27.
Ne7 Qxc4 28. Re1 Nd4 29. Qe3 Qe6 30. Qxe6 Nxe6 31. Re3 Ng5 32. Rd3 Kh6 33. h3
Ne4 34. Rd7 Nxf6 35. Rxa7 Rd8 36. Nc6 Rd1+ 37. Kh2 Rd2 38. Rxf7 Ne4 39. Rf4 Ng5
40. Rh4+ Kg7 41. Rc4 Re2 42. h4 Ne6 43. Ne5 Nd4 44. Nd3 Rxc2 45. Rxc2 Nxc2 46.
g4 Nb4 47. a3 Nxd3 48. Kg3 Nxb2 49. Kf3 Nc4 50. Ke4 Nxa3 51. Kd3 b5 52. Kc3 c4
53. Kb4 Nb1 54. h5 gxh5 55. gxh5 Kh6 56. Kxb5 c3 57. Kb4 c2 58. Kb3 c1=Q 59. Ka2
Qc2+ 60. Ka1 Qg2 61. Kxb1 Kxh5 62. Kc1 Kg4 0-1

[Event "ch-FRA Blitz Online Qual"]
[Site "Europe-Chess INT"]
[Date "2020.05.16"]
[Round "3"]
[White "Rajaobelina, Hery"]
[Black "Guillemart, Serge"]
[Result "0-1"]
[WhiteElo "1592"]
[BlackElo "2107"]
[WhiteFideId "36054836"]
[BlackFideId "26015579"]
[EventDate "2020.05.16"]

1. e4 e5 2. Nf3 Nc6 3. Bb5 Nge7 4. c3 a6 5. Ba4 d6 6. O-O g6 7. h3 Bg7 8. d4 O-O
9. Be3 f5 10. Bg5 fxe4 11. Bxc6 bxc6 12. Nfd2 d5 13. dxe5 Bxe5 14. f4 Bd6 15.
Qe1 Qe8 16. Bh6 Rf7 17. Qe3 Nf5 18. Qe2 Nxh6 19. Nb3 Nf5 20. g4 Ng3 0-1

[Event "ch-FRA Blitz Online Qual"]
[Site "Europe-Chess INT"]
[Date "2020.05.16"]
[Round "3"]
[White "Maugin, Narada"]
[Black "Perez Marco, Ricardo"]
[Result "1-0"]
[WhiteElo "1947"]
[BlackElo "2064"]
[WhiteFideId "45165025"]
[BlackFideId "2256401"]
[EventDate "2020.05.16"]

1. c4 e6 2. Nf3 f5 3. g3 Nf6 4. Bg2 Be7 5. O-O O-O 6. Nc3 d5 7. d4 c6 8. Ne5
Nbd7 9. f4 Ne4 10. Qb3 Kh8 11. Be3 Bf6 12. Rad1 Bxe5 13. fxe5 Qe8 14. Nxe4 fxe4
15. Rxf8+ Qxf8 16. Rf1 Qe7 17. Bh3 Nf8 18. Bd2 Ng6 19. Bb4 Qe8 20. Bd6 b6 21.
Bg4 Ne7 22. Qe3 Nf5 23. Qg5 h6 24. Qd2 Qg6 25. Rf4 Ba6 26. b3 dxc4 27. b4 Rc8
28. h4 h5 29. Bxf5 exf5 30. Kh2 c3 31. Qc2 c5 32. bxc5 bxc5 33. Bxc5 Rc7 34. e3
Bd3 35. Qxc3 Qa6 36. a3 g6 37. Rf2 Qa4 38. Rb2 Qd1 39. Rb8+ Kh7 40. Qb2 1-0

[Event "ch-FRA Blitz Online Qual"]
[Site "Europe-Chess INT"]
[Date "2020.05.16"]
[Round "3"]
[White "Tulliez, Andre"]
[Black "Lambach, Maxime"]
[Result "0-1"]
[WhiteElo "1777"]
[BlackElo "1980"]
[WhiteFideId "45107181"]
[BlackFideId "36056880"]
[EventDate "2020.05.16"]

1. e4 c5 2. Nf3 d6 3. d4 cxd4 4. Nxd4 Nf6 5. Nc3 a6 6. Bg5 e6 7. f4 Be7 8. Qf3
Qc7 9. O-O-O Bd7 10. g4 Nc6 11. Nb3 b5 12. Bxf6 Bxf6 13. g5 Be7 14. h4 b4 15.
Ne2 Rc8 16. Qd3 Na5 17. Ned4 Nxb3+ 18. Qxb3 Qa5 19. f5 e5 20. Nf3 Ba4 21. Qd5
Qxd5 22. Rxd5 Bxc2 23. Bxa6 Bxe4+ 24. Kd2 Rc2+ 25. Ke3 Bxd5 26. Nd2 O-O 0-1